|
|
|
|
| LEADER |
00000nab a22000001a 4500 |
| 001 |
vtls008993265 |
| 003 |
SK-MaSNL |
| 005 |
20260305005927.0 |
| 008 |
250505c1933 xo |r|p|||| |000 b|slo |
| 015 |
|
|
|a SNBRRBVU1918-1938
|
| 035 |
|
|
|a (uuid)08c4ee70-c30f-4628-a06f-a7dfbda5c5e7
|
| 035 |
|
|
|a urn:nbn:sk:snk-abeszd
|
| 035 |
|
|
|a (urnnbn)urn:nbn:sk:snk:ar-001zro
|
| 038 |
|
|
|a SNKBUCL
|
| 040 |
|
|
|a SNKBUCL
|b slo
|c SNKBUCL
|e AACR2
|
| 041 |
0 |
|
|a slo
|
| 044 |
|
|
|a xo
|c SK
|
| 080 |
|
|
|a 75.021.3
|2 1997
|
| 080 |
|
|
|a 75.051:75.021.32
|2 1997
|
| 100 |
1 |
|
|a Benka, Martin,
|d 1888-1971
|4 aut
|9 100354
|
| 245 |
1 |
0 |
|a Mimoidúci
|c Martin Benka
|
| 650 |
0 |
7 |
|a slovenské maliarstvo
|2 SNKPH
|9 3124
|
| 650 |
0 |
7 |
|a olejomaľba
|2 snkbucl
|9 30054
|
| 655 |
|
7 |
|a reprodukcie výtvarných diel
|2 SNKPH
|9 310790
|
| 773 |
0 |
|
|t Slovenské pohľady
|g Roč. 49, č. 2 (1933), s. 84a
|
| 850 |
|
|
|a Slovenská národná knižnica
|
| 852 |
|
|
|a Slovenská národná knižnica
|
| 910 |
|
|
|a snkrbvumm
|
| 954 |
|
|
|a obrazové publikácie zamerané na výtvarné umenie a fotografiu pôvodné (slovenské)
|2 lita
|
| 958 |
|
|
|a article27
|
| 958 |
|
|
|a OND
|
| 958 |
|
|
|a EUIPO
|
| 958 |
|
|
|a VY
|
| 999 |
|
|
|c 3243417
|d 3245347
|